000
00353nam a2200133Ia 4500
008
230411s9999 xx 000 0 und d
041
_a
eng
082
_a
AD/610.6/CHA/B02512
100
_a
Chandorkar AG
245
_a
Hospital Administration and Planning
260
_b
Paras Publishing
_a
Hyderabad
_c
2003
300
_a
412p
999
_c
153696
_d
153696